Quizz Culture Générale N°3 - 30 questions - Statistiques

Statistiques générales
  • Ce quiz a été pris 260 fois
  • Le résultat moyen est 11 sur 30
Statistiques - réponses
Question Réponse % Correct
Que signifie "Arrivederci" en italien ? Au revoir
94%
Quel ancien terme permet de désigner un enfant illégitime, né hors mariage ? Bâtard
78%
Au plafond de quel bâtiment Michel-Ange a-t-il peint une fresque ? La chapelle Sixtine
69%
Quand on a les yeux de deux couleurs différentes, on dit qu'on a les yeux... vairons
64%
Quel rappeur français a pour vrai nom Gandhi Djuna ? Gims
58%
Dans quel jeu de cartes ne faut-il pas dépasser le score de 21 ? Le blackjack
58%
Dans la chanson de France Gall, de quoi est faite la poupée qu'elle incarne ? (Deux réponses à donner). De cire et de son
55%
Dans la mythologie grecque, quel héros, frère d'Hector, est responsable de la guerre de Troie en enlevant Hélène après un pari entre les déesses de l'Olympe ? Pâris
48%
Quel nom anglais donne-t-on aux personnes qui prennent et organisent des paris, notamment lors des événements sportifs ? Bookmaker
43%
Quel instrument de musique est au centre du film "Whiplash" de Damien Chazelle ? La batterie
43%
Dans quel sport de combat le titre de Yokozuna est-il le rang le plus élevé ? Le sumo
43%
Quel mot désigne le fait de mentir alors que l'on est sous serment, par exemple en effectuant un faux témoignage devant un tribunal ? Parjure
43%
Quel est le nom du courant électrique qui dure dans le temps et dont l'intensité ne varie pas, que l'on retrouve dans les piles et les batteries ? Courant continu
37%
Selon les légendes chinoises, quel animal est absent des signes astrologiques car il n'a pas participé à la course avec les autres animaux ? Le chat
35%
Lors du règne de quel roi de France se déroule le texte "La Chanson de Roland", dont il est l'un des personnages centraux ? Charlemagne
33%
De quelle créature irlandaise pourrait-on trouver l'or au pied des arcs-en-ciel ? Leprechaun
33%
Dans quel pays est né le dramaturge Eugène Ionesco ? Roumanie
33%
Quel est le nom de la brebis qui fut le premier animal cloné de l'Histoire ? Dolly
32%
Quel conquistador espagnol s'est emparé de l'Empire Aztèque en 1521-1522 ? Hernán Cortés
31%
Quel insecte apparaissant en essaim constitue un des exemples les plus connus de ravageurs de cultures à travers l'Histoire ? Le criquet
31%
Qui fut le tout premier Président de la République Française ? Louis-Napoléon Bonaparte
28%
Comment s'appelle la grande région marécageuse du sud de la Louisiane ? Bayou
26%
Quel est le nom du lycée américain dans lequel s'est déroulée la célèbre fusillade de 1999 perpétrée par Eric Harris et Dylan Klebold ? Columbine
25%
Quel dinosaure, dont le nom signifie "lézard rigide", est connu pour son armure et sa queue en forme de massue ? Ankylosaurus
18%
Quel film d'horreur des années 2000s est également le film américain le plus rentable de tous les temps ? Paranormal Activity
15%
Quel est le sujet du sketch des Inconnus dans lequel on peut retrouver le personnage de Skippy ? Les sectes
9%
Dans le jeu vidéo Final Fantasy VII, quel est le nom de la ville fictive où se déroule principalement l'histoire ? Midgar
7%
Comment s'appelle, en version originale, la deuxième partie de "La Divine Comédie" de Dante Alighieri ? Purgatorio
4%
Dans un célèbre tableau d'Ilia Répine, quel personnage historique est représenté en train de tuer son propre fils ? Ivan le Terrible
3%
Quelle philosophie, développée par Ayn Rand, promeut "l'égoïsme rationnel" et le capitalisme ? L'objectivisme
2%
Aucun quiz correspondant
Distribution des résultats
% des personnes avec chaque résultat
Percentile par nombre de réponses
Votre historique - résultats
Vous n’avez pas pris ce quiz